000 00873nas a2200265 4500
001 BR0804989
003 BR-BrBNA
005 20231205111859.0
007 ta
008 230509b bl.|||p| |||| 00| 00por d
040 _aBR-BrBNA
_bpor
_cBiblioteca Nacional de Agricultura
041 _a(En)
072 _aH20
100 1 _aBaldassari, R.B.
100 1 _aReis, R.F.
100 1 _aGoes, A. de
245 1 _aSusceptibility of fruits of the ' Valência' and 'Natal' sweet orange varieties to guignardia citricarpa and the influence oh the coexistence of healthy and symptomatic
650 _aDOENÇA DE PLANTA
650 _aLARANJA
650 _aMANCHA PRETA
650 _aFUNGO
773 0 _tFitopatologia Brasileira (Brazil)
_xISSN 0100-4158
_g(Jul-Aug 2006), v. 31(4) p. 337-341
_wBR0804989
909 _a202311
_bLúcia
_c55
_dLúcia Elande
942 _2AGRIS
_n0
_cANA
999 _c194939
_d194939